| Tag |
First Indicator |
Second Indicator |
Subfields |
| LEADER |
00000nam a2200000 i 4500 |
| 001 |
in00005630516 |
| 006 |
m o d |
| 007 |
cr cnu---unuuu |
| 008 |
161025s2016 maua ob 001 0 eng d |
| 005 |
20250331130506.7 |
| 020 |
|
|
|a 9780674972537
|q (electronic bk.)
|
| 020 |
|
|
|a 0674972538
|q (electronic bk.)
|
| 020 |
|
|
|z 9780674088795
|
| 020 |
|
|
|z 0674088794
|
| 024 |
7 |
|
|a 10.4159/9780674972537
|2 doi
|
| 035 |
|
|
|a (NhCcYBP)jstor22573/CTV24SQM7P
|
| 037 |
|
|
|a 22573/ctv24sqm7p
|b JSTOR
|
| 040 |
|
|
|a NhCcYBP
|c NhCcYBP
|
| 050 |
|
4 |
|a BM657.M35
|b F56 2016
|
| 072 |
|
7 |
|a REL
|x 040000
|2 bisacsh
|
| 072 |
|
7 |
|a REL
|x 040030
|2 bisacsh
|
| 072 |
|
7 |
|a HIS
|x 022000
|2 bisacsh
|
| 072 |
|
7 |
|a SOC
|x 049000
|2 bisacsh
|
| 082 |
0 |
4 |
|a 296.4/61
|2 23
|
| 100 |
1 |
|
|a Fine, Steven,
|e author.
|
| 245 |
1 |
4 |
|a The menorah :
|b from the Bible to modern Israel /
|c Steven Fine.
|
| 264 |
|
1 |
|a Cambridge, Massachusetts :
|b Harvard University Press,
|c 2016.
|
| 300 |
|
|
|a 1 online resource.
|
| 336 |
|
|
|a text
|b txt
|2 rdacontent
|
| 337 |
|
|
|a computer
|b c
|2 rdamedia
|
| 338 |
|
|
|a online resource
|b cr
|2 rdacarrier
|
| 347 |
|
|
|a text file
|b PDF
|2 rda
|
| 504 |
|
|
|a Includes bibliographical references and index.
|
| 505 |
0 |
|
|a Introduction: Standing before the Arch of Titus menorah -- From Titus to Moses-and back -- Flavian Rome to the nineteenth century -- Modernism, Zionism, and the menorah -- Creating a national symbol -- A Jewish holy grail -- The menorah at the Vatican -- Illuminating the path to Armageddon -- Conclusion: New light.
|
| 588 |
0 |
|
|a Online resource; title from PDF title page (EBSCO, viewed October 25, 2016).
|
| 546 |
|
|
|a In English.
|
| 650 |
|
0 |
|a Menorah
|x History.
|
| 650 |
|
0 |
|a Menorah in art.
|
| 655 |
|
7 |
|a Electronic books.
|2 local
|
| 758 |
|
|
|i has work:
|a The menorah (Text)
|1 https://id.oclc.org/worldcat/entity/E39PCH7WfDxTcdKG7Hrq3wrF83
|4 https://id.oclc.org/worldcat/ontology/hasWork
|
| 776 |
1 |
8 |
|i Print version:
|a Fine, Steven.
|t Menorah.
|d Cambridge, Massachusetts : Harvard University Press, 2016
|z 9780674088795
|z 0674088794
|w (DLC) 2016018189
|
| 856 |
4 |
0 |
|u http://proxy.library.tamu.edu/login?url=https://www.jstor.org/stable/10.2307/j.ctv24trcmv
|z Connect to the full text of this electronic book
|t 0
|
| 955 |
|
|
|a JSTOR DDA record
|
| 999 |
f |
f |
|s decec573-17e9-4db7-863a-ca2ad4b1d5dd
|i dade265b-4d21-4c72-8d3c-0d3cacc142ab
|t 0
|
| 952 |
f |
f |
|a Texas A&M University
|b College Station
|c Electronic Resources
|d Available Online
|t 0
|e BM657.M35 F56 2016
|h Library of Congress classification
|
| 998 |
f |
f |
|a BM657.M35 F56 2016
|t 0
|l Available Online
|